Journal of Gay & Lesbian Psychoterapy /
সংরক্ষণ করুন:
| প্রধান লেখক: | |
|---|---|
| অন্যান্য লেখক: | |
| বিন্যাস: | সাময়িক পত্র |
| ভাষা: | ইংরেজি |
| প্রকাশিত: |
New York ; London ; Victoria (AU)
Haworth Medical Press ; Harrington Park Press
1996-
|
| ট্যাগগুলো: |
কোনো ট্যাগ নেই, প্রথমজন হিসাবে ট্যাগ করুন!
|
MARC
| LEADER | 00000nas a2200000 4500 | ||
|---|---|---|---|
| 001 | CDOM0000001076 | ||
| 003 | mi | ||
| 005 | 20250901153656.0 | ||
| 008 | 250901b |||||||| |||| 00| 0 eng d | ||
| 040 | |c mi | ||
| 100 | |a Perlman, Gerald | ||
| 245 | 1 | |a Journal of Gay & Lesbian Psychoterapy / |c Editor Gerald Perlman, Jack Drescher | |
| 260 | |a New York ; London ; Victoria (AU) |b Haworth Medical Press ; Harrington Park Press |c 1996- | ||
| 300 | |a vol. |c 21 cm. | ||
| 700 | |a Drescher, Jack | ||
| 942 | |2 ddc |c CR | ||
| 952 | |0 0 |1 0 |2 ddc |4 0 |6 B_JGLP |7 0 |9 5279 |a MI |b MI |d 2005-09-04 |h vol. 9, n. 1/2 (2005); vol. 9, n. 3/4 (2005) |i P-6 |l 0 |o B-JGLP |p CDOMP-6 |r 2025-07-13 16:27:00 |w 2025-07-13 |y CR | ||
| 999 | |c 4215 |d 4215 | ||